Microprocessors And Interfacing Techniques (Record no. 205290)

MARC details
000 -LEADER
fixed length control field 00482nam a2200169Ia 4500
008 - FIXED-LENGTH DATA ELEMENTS--GENERAL INFORMATION
fixed length control field 230714s9999 xx 000 0 und d
020 ## - INTERNATIONAL STANDARD BOOK NUMBER
International Standard Book Number 69800000000000
041 ## - LANGUAGE CODE
Language code of text/sound track or separate title eng
082 ## - DEWEY DECIMAL CLASSIFICATION NUMBER
Classification number 004.16
Item number MHA
100 ## - MAIN ENTRY--PERSONAL NAME
Personal name Mhatre S.C.
9 (RLIN) 193011
245 ## - TITLE STATEMENT
Title Microprocessors And Interfacing Techniques
260 ## - PUBLICATION, DISTRIBUTION, ETC. (IMPRINT)
Date of publication, distribution, etc. 2012
Name of publisher, distributor, etc. Jaico Publishing House
300 ## - PHYSICAL DESCRIPTION
Extent 453
365 ## - TRADE PRICE
Currency code Rs.
Price amount 395.00
700 ## - ADDED ENTRY--PERSONAL NAME
Personal name Mhatre S.C.
9 (RLIN) 193011
906 ## - LOCAL DATA ELEMENT F, LDF (RLIN)
d O:0244713-Jan-2012B:SL 11/115213-Jan-2012
c COMP
b 790

No items available.